000 06527namaa22004331i 4500
003 EG-GICUC
005 20260422133252.0
008 260409s2025 ua a|||frm||| 000 0 eng d
040 _aEG-GICUC
_beng
_cEG-GICUC
_dEG-GICUC
_erda
041 0 _aeng
_beng
_bara
049 _aDeposit
082 0 4 _a615.82
092 _a615.82
_221
097 _aM.Sc
099 _aCai01.21.04.M.Sc.2025.Ro.W
100 0 _aRolan Khaled Kamal El Dein,
_epreparation.
245 1 0 _aAwareness of gynecologists about the role of physical therapy in management of polycystic ovarian syndrome /
_cby Rolan Khaled Kamal El Dein ; Supervisors Prof. Dr. Soheir Mahmoud El Kosery, Dr. Elham Shahat Hassan.
246 1 5 _aمتلازمة تكيس المبيض، التوعية، أطباء النساء، العلاج الطبيعي.
264 0 _c2025.
300 _a86 pages :
_billustrations ;
_c25 cm. +
_eCD.
336 _atext
_2rda content
337 _aUnmediated
_2rdamedia
338 _avolume
_2rdacarrier
502 _aThesis (M.Sc)-Cairo University, 2025.
504 _aBibliography: pages 68-82.
520 3 _aBackground: Polycystic ovarian syndrome (PCOS) is considered one of the most common endocrine disorders in females of reproductive age. It is a complex disorder with reproductive, metabolic, and psychological features which differently affect the early- and long-term syndrome’s risks. Physical therapy plays an important role in management of PCOS, it helps to reduce symptoms, prevent complications and improve quality of lifestyle. Objective: This study was intended to assess gynecologists’ awareness of physical therapy’s role in PCOS management. Methods: This cross-sectional study was conducted in governmental and private hospitals and private clinics in Cairo. Three hundred ninety-nine gynecologists were recruited for this study. A closed-ended self-administered questionnaire was used to collect data on the demographics, knowledge and awareness about physical therapy role in management of polycystic ovarian syndrome. Following the participant’s completion of the questionnaire, it was collected on the spot, and the collected spots were analyzed. Results: Almost half of the Gynecologists (49.4%) answered “yes” that managing PCOS rely only on medical and surgical management. The overall average of Gynecologists knowledge about the physical therapy modalities to manage PCOS complaints was low. The association between academic level with awareness of gynecologists showed agreement among resident compared with consultant and specialist that managing PCOS rely only on medical and surgical management. Conclusion: A significant proportion of gynecologists indicated that they were somewhat aware of the role that physiotherapy care could play in managing patients with PCOS and that they would consider referring patients in the future. Major variances in awareness were found between the gynecologists in this study’s categories.
520 3 _aالخلفية: و تعد متلازمة تكيس المبايض واحدة من إضطرابات الغدد الصماء الأكثر شيوعاً لدى الإناث فى سن الإنجاب. وهى إضطراب معقد يتميز بسمات إنجابية، أيضية، نفسية والتى تؤثر بشكل مختلف على مخاطر المتلازمة المبكرة والطويلة الأجل. يلعب العلاج الطبيعي دورًا مهمًا فى علاج متلازمة تكيس المبايض، فهو يساعد على تقليل الأعراض ومنع المضاعفات وتحسين جودة نمط الحياة. الغرض من البحث: تهدف هذه الدراسة إلى قياس مدى وعي أطباء أمراض النساء حول دور العلاج الطبيعى فى علاج متلازمة تكيس المبايض. الأشخاص والأساليب: أجريت هذه الدراسة فى مستشفيات وعيادات خاصة مختلفة فى محافظة القاهرة. شارك ثلاثمائة وتسعة وتسعين طبيب نساء بهذه الدراسة. و قد تم استخدام استبيان مغلق ذاتي اونلاين لجمع البيانات عن التركيبة السكانية والمعرفة والوعي حول دور العلاج الطبيعى فى علاج متلازمة تكيس المبيض. بعد قيام المشاركين بملء الإستبيان، تم جمعه فى الموقع، ثم تحليل البيانات المجمعة. النتائج: أجاب ما يقرب من نصف أطباء أمراض النساء (٤٩.٤%) بـ "نعم" بأن علاج متلازمة تكيس المبايض تعتمد فقط على العلاج الطبي والجراحي. كان المتوسط الإجمالي لمعرفة أطباء أمراض النساء حول طرق العلاج الطبيعي لعلاج شكاوى متلازمة تكيس المبايض منخفضًا. أظهرت العلاقة بين المستوى الأكاديمي ووعي أطباء أمراض النساء توافقًا بين الأطباء المقيمين مقارنة مع الاستشاريين والأخصائين على أن علاج متلازمة تكيس المبايض يعتمد فقط على العلاج الطبي والجراحي. الخلاصة: أظهر عدد كبيرمن أطباء أمراض النساء مستويات عالية من الوعي تجاه خدمات العلاج الطبيعى فى علاج مرضى متلازمة تكيس المبيض، وأنهم قد يفكرون في إحالة المرضى فى المستقبل. تم تحديد التباين الكبير في مستوى الوعي بين فئات الأطباء في هذه الدراسة.
530 _aIssues also as CD.
546 _aText in English and abstract in Arabic & English.
650 0 _aPhysical Therapy
650 0 _aالعلاج الطبيعى
653 1 _aPolycystic ovarian syndrome
_aAwareness
_aGynecologists
_aphysiotherapy
_aمتلازمة تكيس المبيض
_aالتوعية
700 0 _aSoheir Mahmoud El Kosery
_ethesis advisor.
700 0 _aElham Shahat Hassan
_ethesis advisor.
900 _b01-01-2025
_cSoheir Mahmoud El Kosery
_cElham Shahat Hassan
_UCairo University
_FFaculty of Physical Therapy
_DDepartment of Physical Therapy for Woman’s Health
905 _aShimaa
_eEman Ghareb
942 _2ddc
_cTH
_e21
_n0
999 _c179352